| 000 | 00587cab a2200205 4500 | ||
|---|---|---|---|
| 001 | WB3401-91 | ||
| 008 | 090401t1998 xxu||||| |||| 00| 0 eng d | ||
| 035 | _a(Sirsi) u83006 | ||
| 041 | _aeng | ||
| 245 | _aEnd of subsidies in sight | ||
| 260 | _c1998 | ||
| 350 | _a0 | ||
| 490 |
_aTimes _v7 January 1998, 8(1) |
||
| 520 | _aThe Agricultural minister has told farmers to prepare for a future without subsidies at the Oxford Farming conference. | ||
| 650 | _aFARM SUBSIDIES | ||
| 650 | _aNATIONAL FARMERS UNION | ||
| 690 | _aRURAL PRACTICE | ||
| 942 | _n0 | ||
| 948 | _c07/01/1998 | ||
| 999 |
_c52435 _d52435 |
||